Land surveyors information package 8 : atmospheric refraction effects on terrestrial measurements (Record no. 90255)

MARC details
000 -LEADER
fixed length control field 00954cam a2200277 4500
001 - CONTROL NUMBER
control field B526
008 - FIXED-LENGTH DATA ELEMENTS--GENERAL INFORMATION
fixed length control field 090401t1984 xxu||||| |||| 00| 0 eng d
035 ## - SYSTEM CONTROL NUMBER
System control number (Sirsi) u36348
041 ## - LANGUAGE CODE
Language code of text/sound track or separate title eng
050 ## - LIBRARY OF CONGRESS CALL NUMBER
Classification number 526.9028
110 ## - MAIN ENTRY--CORPORATE NAME
Corporate name or jurisdiction name as entry element Royal Institution of Chartered Surveyors
9 (RLIN) 4900
245 ## - TITLE STATEMENT
Title Land surveyors information package 8 : atmospheric refraction effects on terrestrial measurements
260 ## - PUBLICATION, DISTRIBUTION, ETC.
Place of publication, distribution, etc. London
Name of publisher, distributor, etc. Royal Institution of Chartered Surveyors
Date of publication, distribution, etc. 1984
300 ## - PHYSICAL DESCRIPTION
Extent 5 items in folder ; 30cm.
350 ## - PRICE (NR) (BK AM CF MU VM SE) [OBSOLETE]
Price 3
520 ## - SUMMARY, ETC.
Summary, etc. Papers by Angus-Leppan,P.V. ; Brunner,F.K. ; Dodson,A.H. ; Iliffe,J.C. ; Hugget- t,G.R. ; Slater,L.E. Holdahl,S.R.
650 ## - SUBJECT ADDED ENTRY--TOPICAL TERM
Topical term or geographic name entry element ATMOSPHERIC TEMPERATURE MODELS
650 ## - SUBJECT ADDED ENTRY--TOPICAL TERM
Topical term or geographic name entry element EDM
650 ## - SUBJECT ADDED ENTRY--TOPICAL TERM
Topical term or geographic name entry element LEVELLING REFRACTION
650 ## - SUBJECT ADDED ENTRY--TOPICAL TERM
Topical term or geographic name entry element MULTIWAVELENGTH DISTANCE MEASUREMENT
650 ## - SUBJECT ADDED ENTRY--TOPICAL TERM
Topical term or geographic name entry element REFRACTION
650 ## - SUBJECT ADDED ENTRY--TOPICAL TERM
Topical term or geographic name entry element TEMPERATURE STRATIFICATION
650 ## - SUBJECT ADDED ENTRY--TOPICAL TERM
Topical term or geographic name entry element VERTICAL REFRACTION ANGLE
942 ## - ADDED ENTRY ELEMENTS (KOHA)
Suppress in OPAC 0
948 ## - LOCAL PROCESSING INFORMATION (OCLC); SERIES PART DESIGNATOR (RLIN)
c (OCLC) 04/03/1997
Holdings
Withdrawn status Lost status Source of classification or shelving scheme Damaged status Not for loan Home library Current library Shelving location Date acquired Cost, normal purchase price Total Checkouts Full call number Barcode Date last seen Copy number Cost, replacement price Price effective from Koha item type
    Dewey Decimal Classification     London London Basement 14/09/1999 3.00   SHELF 118 30004058 06/08/2019 1 3.00 06/08/2019 Book